Countries Most Similar To Tanzania - Statistics

General Stats
  • This quiz has been taken 23 times
  • The average score is 15 of 20
Answer Stats
Rank Country Score % Correct
2 Kenya 81.5
100%
8 Mozambique 76.1
100%
7 Ghana 76.4
88%
4 Malawi 76.8
88%
6 Nigeria 76.6
88%
9 Rwanda 75.6
88%
1 Uganda 84.3
88%
3 Zambia 78.7
81%
5 Zimbabwe 76.8
81%
19 DRC 71.5
75%
16 Togo 72.8
75%
12 Burundi 73.4
69%
10 Cameroon 74.7
69%
13 Guinea 72.9
69%
17 Liberia 71.7
69%
11 Sierra Leone 74.2
69%
18 Angola 71.6
63%
15 Ivory Coast 72.8
63%
14 South Sudan 72.9
63%
20 Gambia 71.4
56%
No matching quizzes found
Score Distribution
Percent of People with Each Score
Percentile by Number Answered
Your Score History
You have not taken this quiz